|
|
|
|
| LEADER |
01604nam a2200373Ia 4500 |
| 001 |
EBC180157 |
| 003 |
MiAaPQ |
| 005 |
20200520144314.0 |
| 006 |
m o d | |
| 007 |
cr cn||||||||| |
| 008 |
810506r19981960enka sb 001 0 eng d |
| 020 |
|
|
|z 0415177170
|
| 035 |
|
|
|a (MiAaPQ)EBC180157
|
| 035 |
|
|
|a (Au-PeEL)EBL180157
|
| 035 |
|
|
|a (CaPaEBR)ebr2003467
|
| 035 |
|
|
|a (CaONFJC)MIL761487
|
| 035 |
|
|
|a (OCoLC)70763421
|
| 040 |
|
|
|a MiAaPQ
|c MiAaPQ
|d MiAaPQ
|
| 050 |
|
4 |
|a HD7333.A3
|b C8 1998
|
| 100 |
1 |
|
|a Cullingworth, J. B.
|
| 245 |
1 |
0 |
|a Housing needs and planning policy
|h [electronic resource] :
|b a restatement of the problems of housing need and "overspill" in England and Wales /
|c by J. B. Cullingworth.
|
| 260 |
|
|
|a London :
|b Routledge,
|c 1998, c1960.
|
| 300 |
|
|
|a xii, 217 p. :
|b ill.
|
| 490 |
1 |
|
|a International library of sociology. Public policy, welfare, and social work ;
|v v. 5
|
| 490 |
1 |
|
|a International library of sociology
|
| 500 |
|
|
|a "First published in 1960 by Routledge and Kegan Paul, Ltd".
|
| 504 |
|
|
|a Includes bibliographical references and index.
|
| 533 |
|
|
|a Electronic reproduction. Ann Arbor, MI : ProQuest, 2015. Available via World Wide Web. Access may be limited to ProQuest affiliated libraries.
|
| 650 |
|
0 |
|a Housing
|z Great Britain.
|
| 655 |
|
4 |
|a Electronic books.
|
| 710 |
2 |
|
|a ProQuest (Firm)
|
| 830 |
|
0 |
|a International library of sociology.
|p Public policy, welfare, and social work ;
|v v. 5.
|
| 830 |
|
0 |
|a International library of sociology.
|
| 856 |
4 |
0 |
|u https://ebookcentral.proquest.com/lib/matrademy/detail.action?docID=180157
|z Click to View
|